000 00426nam a22001577a 4500
003 MPLRDC
005 20220104193627.0
008 210129b ||||| |||| 00| 0 eng d
082 _aDISC
100 _aLIVEABC互动英语教学集团 编译
245 _a英语图解大百科--1 DISC
_c
250 _a初版
260 _a台湾
_b希伯仑股份有限公司
_c2014
650 _a英国语言读本
942 _cCDA
_oDISC
999 _c65286
_d65276